| 000 | 00615am a2200253a 44500 | ||
|---|---|---|---|
| 005 | 20160530093206.0 | ||
| 008 | 150610b xxu||||| |||| 00| 0 spa d | ||
| 041 | _aEspañol | ||
| 082 |
_a1.2.48 _bD131m |
||
| 100 |
_aDahmer, Sondra J _910609 |
||
| 245 | _aManual para meseros | ||
| 260 | _aMéxico | ||
| 260 | _bTrillas | ||
| 260 | _c1993 | ||
| 300 | _a112 páginas | ||
| 650 |
_aMESERO _910610 |
||
| 650 |
_aMANUALES _93004 |
||
| 650 |
_aMESAS _97217 |
||
| 650 |
_aTIPO DE SERVICIO _910611 |
||
| 650 |
_aSERVICIO DE ALIMENTOS _910612 |
||
| 650 |
_aVINOS _910613 |
||
| 650 |
_aBARES _910599 |
||
| 942 | _cBK | ||
| 999 |
_c1282 _d1282 |
||